Statistics for Countries Closest to Moscow in 1960

Click here to take the quiz!

General Stats

  • This quiz has been taken 90 times
  • The average score is 19 of 22

Answer Stats

KmCountry% Correct
785Finland
99%
1191Sweden
99%
1592Norway
98%
935Poland
94%
1329Hungary
93%
1123Romania
92%
1608Austria
90%
1484Bulgaria
90%
1617Yugoslavia
90%
1568Denmark
89%
1616Greece
89%
1545Turkey
88%
1263Czechoslovakia
85%
2121France
83%
1540East Germany
82%
1981Netherlands
81%
1954Albania
80%
1954Italy
80%
2115Switzerland
80%
1614West Germany
80%
1876Iran
77%
2100Iraq
74%

Score Distribution

Percentile by Number Answered

Percent of People with Each Score

Your Score History

You have not taken this quiz